000 00740nam a2200217 i 4500
001 74811
003 ES-MaACL
007 t|
008 040921s1974 sp ||||1| spa d
100 1 _aGourinat, Michel.
_959360
245 1 0 _aIntroducción al pensamiento filosófico /
_cMichel Gourinat ; [traducción, Florentino Trapero y Santiago González Noriega].
260 _aMadrid :
_bIstmo,
_c[1974]
300 _a3 v. :
_bil. ;
_c18 cm.
490 1 _aFundamentos
700 1 _aTrapero, Florentino.
_9176602
700 1 _aGonzález Noriega, Santiago.
_958840
830 0 0 _aFundamentos (Ediciones Istmo)
_9121682
852 _aES-MaACL
_jE-6731-3
_bR.91391
852 _aES-MaACL
_jE-7148
_bR.91250
999 _c74811
_d74811